ATP Finals 2013 - Singolare - Statistics

Statistiche generali
  • Questo quiz è stato fatto 6 volte
  • Il punteggio medio è 7 su 8
Statistiche sulle risposte
Nazione Risultato Tennista % Corretto
Spagna Round robin David Ferrer
100%
Serbia Campione Novak Djokovic
100%
Spagna Finale Rafael Nadal
100%
Svizzera Semifinale Roger Federer
100%
Svizzera Semifinale Stanislas Wawrinka
100%
Repubblica Ceca Round robin Tomáš Berdych
100%
Argentina Round robin Juan Martín del Potro
83%
Francia Round robin Richard Gasquet
33%
Nessun quiz corrispondente trovato
Distribuzione punteggi
Percentuale di utenti per punteggio
Percentile per numero di risposta
I tuoi punteggi nel tempo
Non hai fatto questo quiz